[Event "Titled Tuesday intern op 13th Feb Early"]
[Site "Chess.com INT"]
[Date "2024.02.13"]
[Round "3"]
[White "Diaz Herquinio, Brahian"]
[Black "Araujo Filho, Luiz Antonio"]
[Result "1-0"]
[WhiteElo "2051"]
[BlackElo "2077"]
[PlyCount "51"]
[EventDate "2024.02.13"]
[EventType "swiss (blitz)"]
[EventRounds "11"]
[EventCountry "USA"]
[SourceTitle "CB08_2024"]
[SourceDate "2024.02.21"]
[SourceVersion "1"]
[SourceVersionDate "2024.02.21"]
[SourceQuality "1"]

1. e4 c6 2. d4 d5 3. Nc3 dxe4 4. Nxe4 Nf6 5. Nxf6+ exf6 6. c3 Bd6 7. Bd3 0-0 8. Qc2 Re8+ 9. Ne2 h5 10. Be3 Nd7 11. 0-0-0 Nf8 12. Kb1 Qc7 13. Ng3 g6 14. Rde1 Bd7 15. Ne4 Be7 16. Qd2 f5 17. Bf4 Qa5 18. Ng5 Ne6 19. Nxe6 Bxe6 20. b3 c5 21. Be5 Bf8 22. g4 fxg4 23. d5 Bd7 24. Qg5 Kh7 25. Qxh5+ Kg8 26. Qh8# 1-0

[Event "Titled Tuesday intern op 05th Sep Late"]
[Site "Chess.com INT"]
[Date "2023.09.05"]
[Round "2"]
[White "Araujo Filho, Luiz Antonio"]
[Black "Can, Melih Kaan"]
[Result "0-1"]
[WhiteElo "2077"]
[BlackElo "2136"]
[PlyCount "60"]
[EventDate "2023.09.05"]
[EventType "swiss (blitz)"]
[EventRounds "11"]
[EventCountry "USA"]
[SourceTitle "EXT 2024"]
[Source "ChessBase"]
[SourceDate "2023.10.10"]
[SourceVersion "1"]
[SourceVersionDate "2023.10.10"]
[SourceQuality "1"]

1. d4 Nf6 2. Nf3 e6 3. e3 b6 4. Bd3 Bb7 5. Nbd2 Be7 6. Qe2 d5 7. e4 dxe4 8. Nxe4 Nbd7 9. 0-0 0-0 10. Neg5 h6 11. Nxe6 fxe6 12. Qxe6+ Rf7 13. Bc4 Qf8 14. Nh4 Bd6 15. Nf5 Re8 16. Qxf7+ Qxf7 17. Bxf7+ Kxf7 18. Nxd6+ cxd6 19. Bf4 d5 20. Rfe1 Rc8 21. c3 Nf8 22. Re2 Ne6 23. Bg3 Ba6 24. Re5 Rc6 25. Rae1 Bd3 26. f3 b5 27. a3 a5 28. R1e3 Bc4 29. h4 Nd7 30. Rf5+ Kg6 0-1

[Event "Titled Tuesday intern op 05th Sep Early"]
[Site "Chess.com INT"]
[Date "2023.09.05"]
[Round "5"]
[White "Araujo Filho, Luiz Antonio"]
[Black "Shubenkova, Veronika"]
[Result "1-0"]
[WhiteElo "2077"]
[BlackElo "2008"]
[PlyCount "117"]
[EventDate "2023.09.05"]
[EventType "swiss (blitz)"]
[EventRounds "11"]
[EventCountry "USA"]
[SourceTitle "EXT 2024"]
[Source "ChessBase"]
[SourceDate "2023.10.10"]
[SourceVersion "1"]
[SourceVersionDate "2023.10.10"]
[SourceQuality "1"]

1. d4 d5 2. Nf3 e6 3. e3 Nf6 4. Bd3 Bd6 5. Nbd2 Nbd7 6. Qe2 c5 7. c3 0-0 8. e4 dxe4 9. Nxe4 Nxe4 10. Bxe4 Nf6 11. Bc2 cxd4 12. Nxd4 e5 13. Nf5 Bxf5 14. Bxf5 e4 15. 0-0 Re8 16. Bg5 h6 17. Bh4 Qa5 18. Bxf6 Qxf5 19. Bd4 Re6 20. Rad1 Rae8 21. Be3 Rg6 22. Kh1 Ree6 23. a3 Rxg2 24. Rxd6 Rxd6 25. Kxg2 h5 26. Kh1 h4 27. Rg1 h3 28. Bd4 g6 29. Qg4 Qd5 30. Qxh3 Kf8 31. Qc8+ Ke7 32. Qc7+ Ke6 33. Qc5 Qxc5 34. Bxc5 Rd2 35. b4 Ra2 36. Bxa7 Rxa3 37. Bd4 Ra2 38. Re1 Kd5 39. Kg2 f5 40. Kg3 g5 41. h4 f4+ 42. Kg4 gxh4 43. Kxh4 f3 44. Kg4 Ra8 45. Kf4 Rf8+ 46. Ke3 Ra8 47. Rh1 Re8 48. Rh5+ Kc4 49. Re5 Rf8 50. Rxe4 Kb3 51. Rf4 Re8+ 52. Kxf3 b5 53. Re4 Rf8+ 54. Ke3 Rg8 55. f4 Rg3+ 56. Kf2 Rg8 57. f5 Kc2 58. f6 Kd3 59. Rf4 1-0

[Event "Titled Tuesday intern op 05th Sep Early"]
[Site "Chess.com INT"]
[Date "2023.09.05"]
[Round "7"]
[White "Tikhonov, Viacheslav"]
[Black "Araujo Filho, Luiz Antonio"]
[Result "1-0"]
[WhiteElo "2181"]
[BlackElo "2077"]
[PlyCount "45"]
[EventDate "2023.09.05"]
[EventType "swiss (blitz)"]
[EventRounds "11"]
[EventCountry "USA"]
[SourceTitle "EXT 2024"]
[Source "ChessBase"]
[SourceDate "2023.10.10"]
[SourceVersion "1"]
[SourceVersionDate "2023.10.10"]
[SourceQuality "1"]

1. d4 f5 2. Bg5 g6 3. h4 Bg7 4. h5 d5 5. h6 Bf6 6. Qd2 Bxg5 7. Qxg5 Nf6 8. f3 Qd6 9. Nc3 c6 10. 0-0-0 0-0 11. Rh4 b5 12. e4 fxe4 13. fxe4 dxe4 14. Nxe4 Qe6 15. Bd3 Qxa2 16. Nf3 Bf5 17. Ne5 Qa1+ 18. Kd2 Qxb2 19. Nc5 Qb4+ 20. Ke2 Bxd3+ 21. Rxd3 Kh8 22. Ne6 a5 23. Nxf8 1-0

[Event "Titled Tuesday intern op 08th Aug Late"]
[Site "Chess.com INT"]
[Date "2023.08.08"]
[Round "4"]
[White "Araujo Filho, Luiz Antonio"]
[Black "Hernandez Jimenez, Jeronimo"]
[Result "0-1"]
[WhiteElo "2077"]
[BlackElo "2108"]
[PlyCount "110"]
[EventDate "2023.08.08"]
[EventType "swiss (blitz)"]
[EventRounds "11"]
[EventCountry "USA"]
[SourceTitle "EXT 2024"]
[Source "ChessBase"]
[SourceDate "2023.10.10"]
[SourceVersion "1"]
[SourceVersionDate "2023.10.10"]
[SourceQuality "1"]

1. d4 Nf6 2. Nf3 c5 3. e3 g6 4. Be2 Bg7 5. 0-0 0-0 6. b3 d6 7. Bb2 cxd4 8. exd4 Nh5 9. Qd2 Nc6 10. c4 e5 11. d5 Nb8 12. Nc3 f5 13. g3 Nd7 14. b4 Qf6 15. Nb5 Nb6 16. c5 Na4 17. Nxd6 Nxb2 18. Qxb2 e4 19. Qxf6 Bxf6 20. Rac1 exf3 21. Bxf3 Ng7 22. Nxc8 Raxc8 23. d6 Rb8 24. b5 Ne8 25. Rfe1 Rd8 26. Bxb7 Nxd6 27. cxd6 Rxd6 28. Re2 Rfd8 29. Rc7 R6d7 30. Rxd7 Rxd7 31. Bc6 Rd6 32. Kg2 Bd4 33. a4 Kf7 34. a5 Kf6 35. Rc2 Ke5 36. h3 h6 37. Re2+ Kf6 38. Re8 Bc3 39. a6 Bd4 40. Re2 Bb6 41. Rc2 Bd4 42. Re2 Bb6 43. Rc2 g5 44. Re2 Rd4 45. Rc2 Rb4 46. Re2 f4 47. gxf4 Rxf4 48. Rd2 Ke5 49. Re2+ Kd6 50. Rd2+ Ke5 51. f3 h5 52. Rd5+ Kf6 53. Rd6+ Ke5 54. Rd7 Rb4 55. Kg3 h4+ 0-1

[Event "Titled Tuesday intern op 08th Aug Early"]
[Site "Chess.com INT"]
[Date "2023.08.08"]
[Round "3"]
[White "Araujo Filho, Luiz Antonio"]
[Black "Stork, Oliver"]
[Result "1-0"]
[WhiteElo "2077"]
[BlackElo "2327"]
[PlyCount "93"]
[EventDate "2023.08.08"]
[EventType "swiss (blitz)"]
[EventRounds "11"]
[EventCountry "USA"]
[SourceTitle "EXT 2024"]
[Source "ChessBase"]
[SourceDate "2023.10.10"]
[SourceVersion "1"]
[SourceVersionDate "2023.10.10"]
[SourceQuality "1"]

1. d4 Nf6 2. Nf3 d5 3. e3 c5 4. c3 Nc6 5. Nbd2 g6 6. Be2 Bg7 7. 0-0 0-0 8. dxc5 a5 9. Nd4 Nd7 10. Nxc6 bxc6 11. Nb3 a4 12. Nd4 Qc7 13. c4 e5 14. Nf3 e4 15. Ng5 h6 16. Nh3 Nxc5 17. cxd5 Bxh3 18. gxh3 Rfd8 19. Qc2 cxd5 20. Bd2 Qb6 21. Bc3 Rac8 22. Rac1 Ne6 23. Qxa4 d4 24. exd4 Nf4 25. Bb5 Nxh3+ 26. Kg2 Nf4+ 27. Kg1 e3 28. fxe3 Nh3+ 29. Kg2 Ng5 30. Ba5 Qb7+ 31. Bc6 Qxb2+ 32. Rc2 Qb8 33. Bxd8 Rxd8 34. Bf3 Qb6 35. Qc6 Qb4 36. Qc3 Qd6 37. Qc7 Qf8 38. a4 Rb8 39. a5 Rb3 40. a6 Rxe3 41. a7 Ra3 42. Qb7 Nxf3 43. Rc8 Nh4+ 44. Kh1 Bxd4 45. Rxf8+ Kxf8 46. a8Q+ Rxa8 47. Qxa8+ 1-0

[Event "Titled Tuesday intern op 08th Aug Early"]
[Site "Chess.com INT"]
[Date "2023.08.08"]
[Round "11"]
[White "Avazkhonov, Alikhon"]
[Black "Araujo Filho, Luiz Antonio"]
[Result "0-1"]
[WhiteElo "1538"]
[BlackElo "2077"]
[PlyCount "48"]
[EventDate "2023.08.08"]
[EventType "swiss (blitz)"]
[EventRounds "11"]
[EventCountry "USA"]
[SourceTitle "EXT 2024"]
[Source "ChessBase"]
[SourceDate "2023.10.10"]
[SourceVersion "1"]
[SourceVersionDate "2023.10.10"]
[SourceQuality "1"]

1. d4 f5 2. g3 Nf6 3. Bg2 g6 4. Nf3 Bg7 5. 0-0 0-0 6. c4 d6 7. Nc3 Nc6 8. Qd3 e5 9. dxe5 dxe5 10. Qxd8 Rxd8 11. Bg5 e4 12. Ne1 h6 13. Bxf6 Bxf6 14. Nd5 Bxb2 15. Nxc7 Bxa1 16. Nxa8 Be5 17. f4 Bb8 18. Nc2 Be6 19. Ne3 Rd2 20. Rb1 b6 21. Bf1 Bd6 22. Nd5 Bxd5 23. cxd5 Nd4 24. e3 Nf3+ 0-1

[Event "Titled Tuesday intern op 08th Aug Late"]
[Site "Chess.com INT"]
[Date "2023.08.08"]
[Round "3"]
[White "Romero Ruscalleda, Josep"]
[Black "Araujo Filho, Luiz Antonio"]
[Result "1-0"]
[WhiteElo "2160"]
[BlackElo "2077"]
[PlyCount "49"]
[EventDate "2023.08.08"]
[EventType "swiss (blitz)"]
[EventRounds "11"]
[EventCountry "USA"]
[SourceTitle "EXT 2024"]
[Source "ChessBase"]
[SourceDate "2023.10.10"]
[SourceVersion "1"]
[SourceVersionDate "2023.10.10"]
[SourceQuality "1"]

1. e4 c6 2. Nc3 d5 3. Nf3 dxe4 4. Nxe4 Nf6 5. Qe2 Nxe4 6. Qxe4 Be6 7. c4 Nd7 8. Bd3 Nf6 9. Qe2 Bg4 10. Bc2 e6 11. h3 Bh5 12. g4 Bg6 13. d4 Be7 14. Bf4 Qb6 15. 0-0-0 0-0-0 16. Bxg6 hxg6 17. Be5 Bd6 18. Bxd6 Rxd6 19. c5 Qa5 20. cxd6 Qxa2 21. Ne5 Nd5 22. Qc4 Qa5 23. d7+ Kc7 24. Nxf7 Nb4 25. Kb1 1-0

[Event "Titled Tuesday intern op 06th Jun Early"]
[Site "Chess.com INT"]
[Date "2023.06.06"]
[Round "10"]
[White "Araujo Filho, Luiz Antonio"]
[Black "Hoffmann, Asa"]
[Result "0-1"]
[WhiteElo "2077"]
[BlackElo "2185"]
[PlyCount "82"]
[EventDate "2023.06.06"]
[EventType "swiss (blitz)"]
[EventRounds "11"]
[EventCountry "USA"]
[SourceTitle "EXT 2024"]
[Source "ChessBase"]
[SourceDate "2023.10.10"]
[SourceVersion "1"]
[SourceVersionDate "2023.10.10"]
[SourceQuality "1"]

1. d4 Nf6 2. Nf3 d6 3. c4 c6 4. Nc3 Bf5 5. g3 h6 6. Bg2 Nbd7 7. 0-0 e5 8. dxe5 dxe5 9. Re1 Be7 10. e4 Bh7 11. b4 Bxb4 12. Bd2 Qa5 13. Qc2 0-0 14. a3 Bc5 15. Na4 Qc7 16. Nxc5 Nxc5 17. Bb4 Nfd7 18. Nh4 a5 19. Bc3 Ne6 20. Rad1 Rad8 21. Nf5 Bxf5 22. exf5 Nec5 23. Qe2 f6 24. Qg4 b6 25. Bd2 Kh8 26. Bxh6 gxh6 27. Qg6 Nb8 28. Rxd8 Rxd8 29. Qxh6+ Kg8 30. Qxf6 Rf8 31. Qg6+ Qg7 32. Qd6 Nbd7 33. Bxc6 Rf6 34. Qc7 Nf8 35. Bd5+ Kh7 36. Qxe5 Nd3 37. Qe7 Nxe1 38. Qxe1 Qd7 39. Qe3 Kh8 40. Qd4 Qg7 41. Be4 Nd7 0-1

[Event "Titled Tuesday intern op 06th Jun Early"]
[Site "Chess.com INT"]
[Date "2023.06.06"]
[Round "1"]
[White "Araujo Filho, Luiz Antonio"]
[Black "Moral Garcia, Serafin"]
[Result "0-1"]
[WhiteElo "2077"]
[BlackElo "2240"]
[PlyCount "68"]
[EventDate "2023.06.06"]
[EventType "swiss (blitz)"]
[EventRounds "11"]
[EventCountry "USA"]
[SourceTitle "EXT 2024"]
[Source "ChessBase"]
[SourceDate "2023.10.10"]
[SourceVersion "1"]
[SourceVersionDate "2023.10.10"]
[SourceQuality "1"]

1. d4 Nf6 2. Nf3 g6 3. c4 Bg7 4. Nc3 d5 5. cxd5 Nxd5 6. e4 Nxc3 7. bxc3 c5 8. Be2 0-0 9. 0-0 Nc6 10. Be3 Bg4 11. e5 cxd4 12. cxd4 Rc8 13. h3 Be6 14. Qa4 Qa5 15. Qxa5 Nxa5 16. Ng5 Bc4 17. Bxc4 Nxc4 18. Rab1 b6 19. Ne4 Rfd8 20. Rfc1 Na3 21. Rxc8 Rxc8 22. Rb3 Nc2 23. Rc3 Rxc3 24. Nxc3 f6 25. e6 f5 26. Nd5 Kf8 27. Nc7 Bxd4 28. Bh6+ Bg7 29. Bg5 Nd4 30. Kf1 Be5 31. Bh6+ Kg8 32. Nd5 Bf6 33. Nxf6+ exf6 34. e7 Kf7 0-1

[Event "Titled Tuesday intern op 06th Jun Late"]
[Site "Chess.com INT"]
[Date "2023.06.06"]
[Round "4"]
[White "Araujo Filho, Luiz Antonio"]
[Black "Stachanczyk, Jacek"]
[Result "0-1"]
[WhiteElo "2077"]
[BlackElo "2124"]
[PlyCount "82"]
[EventDate "2023.06.06"]
[EventType "swiss (blitz)"]
[EventRounds "11"]
[EventCountry "USA"]
[SourceTitle "EXT 2024"]
[Source "ChessBase"]
[SourceDate "2023.10.10"]
[SourceVersion "1"]
[SourceVersionDate "2023.10.10"]
[SourceQuality "1"]

1. d4 Nf6 2. Nf3 g6 3. c4 Bg7 4. Nc3 d6 5. e4 0-0 6. Be2 e5 7. dxe5 dxe5 8. 0-0 c6 9. Qc2 Qe7 10. Rd1 a5 11. Rb1 Na6 12. a3 Nc5 13. b4 axb4 14. axb4 Ncxe4 15. Be3 Nxc3 16. Qxc3 Ng4 17. Bc5 Qf6 18. Bxf8 Kxf8 19. h3 Nh6 20. Qd2 Be6 21. Ng5 Kg8 22. Ne4 Qe7 23. b5 Nf5 24. bxc6 bxc6 25. Qb4 Qxb4 26. Rxb4 Nd4 27. Bf1 Bf8 28. Rb7 Kg7 29. Ng5 Re8 30. Nxe6+ Rxe6 31. f4 Bc5 32. Kh1 exf4 33. Bd3 Re3 34. Bf1 f3 35. gxf3 Rxf3 36. Rc7 Rf2 37. Bg2 Ne6 38. Rcd7 Nf4 39. Bxc6 Be3 40. Bd5 Nh5 41. Re1 Ng3+ 0-1

[Event "Titled Tuesday intern op 06th Jun Early"]
[Site "Chess.com INT"]
[Date "2023.06.06"]
[Round "6"]
[White "Araujo Filho, Luiz Antonio"]
[Black "Yanayt, Eugene"]
[Result "1-0"]
[WhiteElo "2077"]
[BlackElo "2060"]
[PlyCount "61"]
[EventDate "2023.06.06"]
[EventType "swiss (blitz)"]
[EventRounds "11"]
[EventCountry "USA"]
[SourceTitle "EXT 2024"]
[Source "ChessBase"]
[SourceDate "2023.10.10"]
[SourceVersion "1"]
[SourceVersionDate "2023.10.10"]
[SourceQuality "1"]

1. d4 Nf6 2. Nf3 c5 3. e3 d5 4. c3 g6 5. Be2 Bg7 6. 0-0 0-0 7. dxc5 a5 8. Nbd2 Na6 9. Bxa6 Rxa6 10. c4 dxc4 11. Nxc4 Qc7 12. b3 Ne4 13. Bb2 f6 14. Qd5+ Re6 15. Nd4 Qxc5 16. Qxc5 Nxc5 17. Nxe6 Bxe6 18. Nxa5 b5 19. Nc6 Kf7 20. Rfd1 Nd7 21. Nd4 Bd5 22. Nxb5 Bc6 23. Na7 Nb8 24. Nxc6 Nxc6 25. Rac1 Nb4 26. a3 Na6 27. b4 Rb8 28. Rc6 Ra8 29. b5 Nb8 30. Rc8 Ke6 31. b6 1-0

[Event "Titled Tuesday intern op 06th Jun Early"]
[Site "Chess.com INT"]
[Date "2023.06.06"]
[Round "2"]
[White "Nemec, Jachym"]
[Black "Araujo Filho, Luiz Antonio"]
[Result "1-0"]
[WhiteElo "2341"]
[BlackElo "2077"]
[PlyCount "67"]
[EventDate "2023.06.06"]
[EventType "swiss (blitz)"]
[EventRounds "11"]
[EventCountry "USA"]
[SourceTitle "EXT 2024"]
[Source "ChessBase"]
[SourceDate "2023.10.10"]
[SourceVersion "1"]
[SourceVersionDate "2023.10.10"]
[SourceQuality "1"]

1. b3 f5 2. Bb2 Nf6 3. g3 g6 4. Bg2 Bg7 5. Nh3 0-0 6. 0-0 d6 7. d4 c6 8. c4 Qe8 9. d5 c5 10. Nd2 Nbd7 11. Nf4 Ne5 12. Ne6 Bxe6 13. dxe6 Nc6 14. Qc2 Nd8 15. Bd5 Nxd5 16. cxd5 b5 17. f4 Nb7 18. Bxg7 Kxg7 19. e4 a5 20. a4 bxa4 21. bxa4 fxe4 22. Qb2+ Kg8 23. Qxb7 e3 24. Nc4 e2 25. Rfe1 g5 26. Qd7 Qh5 27. Qxe7 gxf4 28. Qh4 Qxd5 29. Qg4+ Kh8 30. Qxe2 f3 31. Qb2+ Kg8 32. Nb6 f2+ 33. Qxf2 Qc6 34. Qb2 1-0

[Event "Titled Tuesday intern op 06th Jun Late"]
[Site "Chess.com INT"]
[Date "2023.06.06"]
[Round "3"]
[White "Tustanowski, Robert"]
[Black "Araujo Filho, Luiz Antonio"]
[Result "1-0"]
[WhiteElo "2205"]
[BlackElo "2077"]
[PlyCount "57"]
[EventDate "2023.06.06"]
[EventType "swiss (blitz)"]
[EventRounds "11"]
[EventCountry "USA"]
[SourceTitle "EXT 2024"]
[Source "ChessBase"]
[SourceDate "2023.10.10"]
[SourceVersion "1"]
[SourceVersionDate "2023.10.10"]
[SourceQuality "1"]

1. e4 c6 2. d4 d5 3. exd5 cxd5 4. Bd3 Nf6 5. h3 Nc6 6. c3 e6 7. Bf4 Be7 8. Nd2 0-0 9. Ngf3 a6 10. 0-0 b5 11. a3 Bb7 12. Qe2 Na5 13. Ne5 Nc4 14. Rab1 Rc8 15. Rfe1 Nxd2 16. Qxd2 Ne4 17. Qe3 Bf6 18. g4 g6 19. f3 Nd6 20. Bh6 Re8 21. Re2 Nc4 22. Qf4 Nxe5 23. dxe5 Bg7 24. h4 f6 25. Bxg7 Kxg7 26. h5 f5 27. gxf5 exf5 28. Rg2 Kf7 29. Bxf5 1-0

[Event "Florianopolis op 9th"]
[Site "Florianopolis"]
[Date "2023.01.27"]
[Round "7"]
[White "Araujo Filho, Luiz Antonio"]
[Black "Marques Junior, Marcos Antonio"]
[Result "1-0"]
[WhiteElo "2089"]
[BlackElo "1870"]
[PlyCount "137"]
[EventDate "2023.01.23"]
[EventType "swiss"]
[EventRounds "10"]
[EventCountry "BRA"]
[SourceTitle "CBM 212 Extra"]
[Source "ChessBase"]
[SourceDate "2023.03.31"]
[SourceVersion "1"]
[SourceVersionDate "2023.03.31"]
[SourceQuality "1"]

1. d4 Nf6 2. Nf3 d5 3. c4 e6 4. Nc3 Be7 5. Bg5 0-0 6. e3 b6 7. Bd3 Nbd7 8. 0-0 Bb7 9. Rc1 c5 10. cxd5 Nxd5 11. Bxe7 Qxe7 12. Nxd5 exd5 13. Bf5 Nf6 14. dxc5 bxc5 15. Qa4 g6 16. Bh3 Ne4 17. Rfd1 Rfe8 18. Bd7 Red8 19. Bc6 Bxc6 20. Qxc6 Rac8 21. Qa4 Qf6 22. Rc2 Rb8 23. Qa3 Kg7 24. h3 Rb6 25. b3 d4 26. exd4 cxd4 27. Qxa7 Nc3 28. Rd3 Ra6 29. Qc5 Rd5 30. Qb4 Nxa2 31. Qd2 Nc3 32. Rxd4 Ne2+ 33. Qxe2 Rxd4 34. Nxd4 Ra1+ 35. Kh2 Qxd4 36. Qd2 Qe5+ 37. f4 Qf6 38. Qc3 Rb1 39. Kg3 h5 40. Qxf6+ Kxf6 41. Rc3 Kf5 42. Rc5+ Ke6 43. Rb5 f6 44. Kf3 Rf1+ 45. Ke3 Re1+ 46. Kf2 Re4 47. g3 h4 48. Kf3 hxg3 49. Kxg3 Re3+ 50. Kg2 Re2+ 51. Kf3 Rh2 52. Kg3 Rh1 53. b4 Rg1+ 54. Kf2 Rh1 55. Kg2 Rb1 56. h4 Rb2+ 57. Kg3 Rb3+ 58. Kg2 Rb2+ 59. Kf3 Rh2 60. Kg3 Rb2 61. f5+ gxf5 62. h5 Kf7 63. Rb7+ Kg8 64. b5 Rb1 65. h6 Rh1 66. b6 Rb1 67. Rg7+ Kh8 68. b7 Rb4 69. Rc7 1-0

[Event "Florianopolis op 9th"]
[Site "Florianopolis"]
[Date "2023.01.24"]
[Round "3"]
[White "Araujo Filho, Luiz Antonio"]
[Black "Mariano, Kaiki Pereira"]
[Result "1-0"]
[WhiteElo "2089"]
[BlackElo "1639"]
[PlyCount "63"]
[EventDate "2023.01.23"]
[EventType "swiss"]
[EventRounds "10"]
[EventCountry "BRA"]
[SourceTitle "CBM 212 Extra"]
[Source "ChessBase"]
[SourceDate "2023.03.31"]
[SourceVersion "1"]
[SourceVersionDate "2023.03.31"]
[SourceQuality "1"]

1. d4 Nf6 2. Nf3 e6 3. e3 d5 4. Bd3 c5 5. c3 Nc6 6. Nbd2 Bd6 7. Qe2 0-0 8. dxc5 Bxc5 9. e4 dxe4 10. Nxe4 Nxe4 11. Bxe4 f5 12. Bc2 Kh8 13. 0-0 h6 14. b4 Bd6 15. b5 Ne7 16. Bb2 Ng6 17. c4 Qe7 18. Rad1 e5 19. Qd2 Bb4 20. Qe3 Bd6 21. Rfe1 Re8 22. h4 Bb4 23. Bxe5 Nxe5 24. Nxe5 Kh7 25. Re2 Qxh4 26. c5 Qg5 27. Qd4 Ba5 28. Nf7 Qg6 29. Rxe8 Qxf7 30. Qe5 Bc7 31. Qe2 b6 32. Re7 1-0

[Event "Titled Tuesday intern op 09th Aug Early"]
[Site "Chess.com INT"]
[Date "2022.08.09"]
[Round "5"]
[White "Araujo Filho, Luiz Antonio"]
[Black "Mohammad Fahad, Rahman"]
[Result "0-1"]
[WhiteElo "2089"]
[BlackElo "2401"]
[PlyCount "46"]
[EventDate "2022.08.09"]
[EventType "swiss (blitz)"]
[EventRounds "11"]
[EventCountry "USA"]
[SourceTitle "EXT 2023"]
[Source "ChessBase"]
[SourceDate "2022.10.05"]
[SourceVersion "1"]
[SourceVersionDate "2022.10.05"]
[SourceQuality "1"]

1. d4 d5 2. Nf3 Nf6 3. e3 c5 4. c3 Nc6 5. Nbd2 Bf5 6. Be2 e6 7. 0-0 h6 8. b3 Be7 9. Bb2 0-0 10. c4 Nb4 11. Ne5 cxd4 12. exd4 dxc4 13. bxc4 Nc2 14. Rc1 Nxd4 15. Bf3 Nxf3+ 16. Ndxf3 Qc7 17. Qb3 Rfd8 18. Rfe1 Ne4 19. h3 Bf6 20. g4 Bh7 21. h4 Nd2 22. Nxd2 Rxd2 23. Nf3 Rxb2 0-1

[Event "Titled Tuesday intern op 21st Jun Late"]
[Site "Chess.com INT"]
[Date "2022.06.21"]
[Round "11"]
[White "Rama, Tejas"]
[Black "Araujo Filho, Luiz Antonio"]
[Result "1-0"]
[WhiteElo "2014"]
[BlackElo "2089"]
[PlyCount "29"]
[EventDate "2022.06.21"]
[EventType "swiss (blitz)"]
[EventRounds "11"]
[EventCountry "USA"]
[SourceTitle "EXT 2023"]
[Source "ChessBase"]
[SourceDate "2022.10.05"]
[SourceVersion "1"]
[SourceVersionDate "2022.10.05"]
[SourceQuality "1"]

1. d4 f5 2. c4 Nf6 3. g3 g6 4. Bg2 Bg7 5. Nf3 0-0 6. 0-0 d6 7. Nc3 Nc6 8. d5 Na5 9. Qa4 c5 10. dxc6 Nxc6 11. Rd1 Bd7 12. Qb3 Kh8 13. Be3 Na5 14. Qb4 Qc8 15. Qxa5 1-0

[Event "Titled Tuesday intern op 07th Jun Late"]
[Site "Chess.com INT"]
[Date "2022.06.07"]
[Round "8"]
[White "Quirke, Jeffrey"]
[Black "Araujo Filho, Luiz Antonio"]
[Result "0-1"]
[WhiteElo "2077"]
[BlackElo "2089"]
[PlyCount "102"]
[EventDate "2022.06.07"]
[EventType "swiss (blitz)"]
[EventRounds "11"]
[EventCountry "USA"]
[SourceTitle "CBM 208 Extra"]
[Source "ChessBase"]
[SourceDate "2022.07.31"]
[SourceVersion "1"]
[SourceVersionDate "2022.07.31"]
[SourceQuality "1"]

1. e4 c6 2. Nf3 d5 3. d3 dxe4 4. dxe4 Qxd1+ 5. Kxd1 Bg4 6. Be3 Nf6 7. Nbd2 Nbd7 8. c3 e6 9. Kc2 Bc5 10. Re1 0-0-0 11. a4 h6 12. a5 Rhe8 13. Bc4 Bxf3 14. gxf3 Ne5 15. Be2 Bxe3 16. fxe3 Rd7 17. Rhg1 g6 18. f4 Rxd2+ 19. Kxd2 Nxe4+ 20. Kc2 Nd7 21. Bf3 Nef6 22. a6 Nc5 23. axb7+ Kxb7 24. b4 Nce4 25. Ra1 g5 26. Rgd1 Re7 27. Ra5 g4 28. Bg2 Rc7 29. Rd4 Nf2 30. e4 h5 31. c4 Kc8 32. e5 Nd7 33. Rd2 Nh3 34. Bxh3 gxh3 35. Ra3 Nb6 36. Rxh3 Nxc4 37. Rd4 Nb6 38. Rxh5 Nd5 39. Rh7 Kb7 40. h4 Kb6 41. h5 Kb5 42. h6 Nxb4+ 43. Kd2 c5 44. Rd6 c4 45. Rxe6 c3+ 46. Kc1 c2 47. Rxf7 Na2+ 48. Kb2 c1Q+ 49. Kxa2 Rc2+ 50. Kb3 Qb1+ 51. Ka3 Ra2# 0-1

[Event "Titled Tuesday intern op 31st May Late"]
[Site "Chess.com INT"]
[Date "2022.05.31"]
[Round "2"]
[White "Araujo Filho, Luiz Antonio"]
[Black "Hirneise, Jens"]
[Result "1/2-1/2"]
[WhiteElo "2089"]
[BlackElo "2314"]
[PlyCount "68"]
[EventDate "2022.05.31"]
[EventType "swiss (blitz)"]
[EventRounds "11"]
[EventCountry "USA"]
[SourceTitle "CBM 208 Extra"]
[Source "ChessBase"]
[SourceDate "2022.07.31"]
[SourceVersion "1"]
[SourceVersionDate "2022.07.31"]
[SourceQuality "1"]

1. d4 Nf6 2. Nf3 c5 3. e3 e6 4. Bd3 b6 5. Nbd2 Bb7 6. Qe2 d5 7. c3 Ne4 8. 0-0 Nd7 9. Ne1 Bd6 10. f4 f5 11. Nef3 0-0 12. Ne5 Nxe5 13. fxe5 Be7 14. Nxe4 fxe4 15. Bb5 c4 16. Bd2 a6 17. Ba4 b5 18. Bc2 a5 19. Rxf8+ Qxf8 20. Rf1 Qe8 21. Qg4 Bc8 22. Be1 b4 23. h4 Rb8 24. h5 h6 25. Kh1 Bg5 26. Qh3 Bd7 27. Bd1 Qe7 28. Bg4 Rf8 29. Rxf8+ Kxf8 30. Kg1 Kg8 31. Bd2 Kh8 32. Be1 Kg8 33. Bd2 Kh8 34. Be1 Kg8 1/2-1/2

[Event "Titled Tuesday intern op 31st May Late"]
[Site "Chess.com INT"]
[Date "2022.05.31"]
[Round "7"]
[White "Araujo Filho, Luiz Antonio"]
[Black "Stanisz, Patryk"]
[Result "0-1"]
[WhiteElo "2089"]
[BlackElo "2199"]
[PlyCount "68"]
[EventDate "2022.05.31"]
[EventType "swiss (blitz)"]
[EventRounds "11"]
[EventCountry "USA"]
[SourceTitle "CBM 208 Extra"]
[Source "ChessBase"]
[SourceDate "2022.07.31"]
[SourceVersion "1"]
[SourceVersionDate "2022.07.31"]
[SourceQuality "1"]

1. d4 d5 2. Nf3 Nf6 3. e3 c6 4. Nbd2 g6 5. b3 Bg7 6. Bb2 0-0 7. Be2 Nbd7 8. 0-0 b6 9. c4 Bb7 10. Rc1 Rc8 11. Re1 e6 12. h3 Re8 13. a3 c5 14. cxd5 exd5 15. dxc5 bxc5 16. b4 c4 17. Bd4 Ne4 18. Bxg7 Kxg7 19. Nxe4 dxe4 20. Nd4 Ne5 21. Qa4 a6 22. Rc3 Qg5 23. Rec1 Bd5 24. Qxa6 Ra8 25. Qb5 Reb8 26. Qc5 Rc8 27. Qb5 Rcb8 28. Qc5 Rc8 29. Qd6 Rd8 30. Qc7 Rdc8 31. Qb6 Rcb8 32. Qd6 Rd8 33. Qc5 Nd3 34. R1c2 Nxc5 0-1